<?xml version="1.0" encoding="UTF-8"?>
<record
    xmlns:xsi="http://www.w3.org/2001/XMLSchema-instance"
    xsi:schemaLocation="http://www.loc.gov/MARC21/slim http://www.loc.gov/standards/marcxml/schema/MARC21slim.xsd"
    xmlns="http://www.loc.gov/MARC21/slim">

  <leader>01209nam a2200301 a 4500</leader>
  <controlfield tag="001">BRCA_8324</controlfield>
  <controlfield tag="005">20190320210228.0</controlfield>
  <controlfield tag="008">300614m19241929gw-a###f##---#001-0#ger-#</controlfield>
  <datafield tag="041" ind1=" " ind2=" ">
    <subfield code="a">ger</subfield>
  </datafield>
  <datafield tag="044" ind1=" " ind2=" ">
    <subfield code="a">gw</subfield>
  </datafield>
  <datafield tag="050" ind1=" " ind2="4">
    <subfield code="a">NB180</subfield>
    <subfield code="b">.P56 1924</subfield>
  </datafield>
  <datafield tag="100" ind1="1" ind2=" ">
    <subfield code="a">Pinder, Wilhelm</subfield>
    <subfield code="9">20791</subfield>
  </datafield>
  <datafield tag="245" ind1="1" ind2="0">
    <subfield code="a">Die Deutsche Plastik</subfield>
    <subfield code="b">vom ausgehenden mittelalter bis zum ende der Renaissance</subfield>
    <subfield code="c">von Wilhelm Pinder ; begr&#xFC;ndet von Fritz Burger ; herausgegeben von A. E. Brinckmann.</subfield>
  </datafield>
  <datafield tag="260" ind1=" " ind2=" ">
    <subfield code="a">Alemania</subfield>
    <subfield code="b">Akademische Verlagsgesellschaft Athenaion</subfield>
    <subfield code="c">1924-1929</subfield>
  </datafield>
  <datafield tag="300" ind1=" " ind2=" ">
    <subfield code="a">2 v.</subfield>
    <subfield code="b">il. (algunas a color), 8 l&#xE1;minas</subfield>
    <subfield code="c">29 cm.</subfield>
  </datafield>
  <datafield tag="440" ind1=" " ind2="0">
    <subfield code="a">Handbuch der Kunstwissenschaft</subfield>
    <subfield code="9">20792</subfield>
  </datafield>
  <datafield tag="500" ind1=" " ind2=" ">
    <subfield code="a">Dos ejemplares consecutivos inventariados por el Banco de M&#xE9;xico como un solo libro</subfield>
  </datafield>
  <datafield tag="500" ind1=" " ind2=" ">
    <subfield code="a">Incluye &#xED;ndice de ilustraciones</subfield>
  </datafield>
  <datafield tag="500" ind1=" " ind2=" ">
    <subfield code="a">R33</subfield>
  </datafield>
  <datafield tag="505" ind1="0" ind2=" ">
    <subfield code="a">v.1 Tomo I a&#xF1;o 1924 (p&#xE1;ginas 1-242).-- v.2 Tomo II a&#xF1;o 1929 (p&#xE1;ginas 243-512)</subfield>
  </datafield>
  <datafield tag="650" ind1="1" ind2="4">
    <subfield code="a">Escultura alemana</subfield>
    <subfield code="9">10304</subfield>
  </datafield>
  <datafield tag="650" ind1="1" ind2="4">
    <subfield code="a">Artes pl&#xE1;sticas</subfield>
    <subfield code="x">Edad Media</subfield>
    <subfield code="z">Alemania</subfield>
    <subfield code="9">20793</subfield>
  </datafield>
  <datafield tag="650" ind1="1" ind2="4">
    <subfield code="a">Artes pl&#xE1;sticas</subfield>
    <subfield code="x">Renacimiento</subfield>
    <subfield code="z">Alemania</subfield>
    <subfield code="9">20794</subfield>
  </datafield>
  <datafield tag="700" ind1="1" ind2=" ">
    <subfield code="a">Burger, Fritz</subfield>
    <subfield code="9">20795</subfield>
  </datafield>
  <datafield tag="700" ind1="1" ind2=" ">
    <subfield code="a">Brinckmann, A. E.</subfield>
    <subfield code="e">ed.</subfield>
    <subfield code="9">20796</subfield>
  </datafield>
  <datafield tag="902" ind1=" " ind2=" ">
    <subfield code="a">GFM</subfield>
  </datafield>
  <datafield tag="942" ind1=" " ind2=" ">
    <subfield code="2">lcc</subfield>
    <subfield code="c">B</subfield>
  </datafield>
  <datafield tag="999" ind1=" " ind2=" ">
    <subfield code="c">7992</subfield>
    <subfield code="d">7992</subfield>
  </datafield>
  <datafield tag="952" ind1=" " ind2=" ">
    <subfield code="0">0</subfield>
    <subfield code="1">0</subfield>
    <subfield code="4">0</subfield>
    <subfield code="7">0</subfield>
    <subfield code="a">BRCA</subfield>
    <subfield code="b">BRCA</subfield>
    <subfield code="d">2014-06-30</subfield>
    <subfield code="i">R33</subfield>
    <subfield code="l">0</subfield>
    <subfield code="o">NB180 .P56 1924 (R33)</subfield>
    <subfield code="p">8948</subfield>
    <subfield code="r">2019-03-22 00:00:00</subfield>
    <subfield code="w">2019-03-22</subfield>
    <subfield code="y">B</subfield>
  </datafield>
</record>
